Can You name every B&M Hyper Coaster - Statistics

General Stats
  • This quiz has been taken 85 times
  • The average score is 10 of 14
Answer Stats
Answer % Correct
Goliath
88%
Goliath
88%
Apollo's Chariot
86%
Nitro
86%
Diamondback
83%
Intimidator
82%
Mako
82%
Behemoth
76%
Candymonium
76%
Raging Bull
73%
Silver Star
73%
Shambhala
65%
Hollywood Dream: The Ride
58%
Flight of the Himalayan Eagle Music Roller Coaster
27%
No matching quizzes found
Score Distribution
Percent of People with Each Score
Percentile by Number Answered
Your Score History
You have not taken this quiz